[Event "Henry Chilufya Mem 2017"]
[Site "Mansa"]
[Date "2017.10.22"]
[Round "6"]
[White "Adly, Ahmed"]
[Black "Mwali, Chitumbo"]
[Result "1-0"]
[WhiteElo "2625"]
[BlackElo "2334"]
[Annotator "TA"]
[PlyCount "89"]
[EventDate "2017.??.??"]
[EventType "swiss"]
[EventCountry "ZAM"]
[SourceTitle "playchess.com"]
[Source "ChessBase"]
[SourceQuality "1"]

{[%evp 21,89,-27,-26,-47,-25,-18,-29,-30,0,-50,0,0,-14,-16,-25,0,0,-17,39,0,45,
-63,-6,-50,-30,0,0,-77,-84,-71,0,0,0,0,0,0,0,0,0,0,4,0,0,0,65,-198,65,65,65,65,
72,79,214,219,241,260,232,231,299,319,269,254,298,285,271,215,206,58,429,420]} 
1. c4 e5 2. g3 Nf6 3. Bg2 c6 4. Nf3 e4 5. Nd4 {[%cal Bf3d4,Bd4c2,Bc2e3][%mdl
32]} d5 6. cxd5 Qxd5 7. Nc2 Qh5 8. h3 Bc5 {A20: Englische Eröffnung} (8... Nbd7
9. Nc3 Qg6 10. Ne3 Bc5 11. Qc2 Bxe3 12. dxe3 Nc5 13. b4 Na6 14. Rb1 Bf5 15. b5
cxb5 16. Nxb5 {1-0 (48) Svidler,P (2759)-Wang,H (2734) Almaty 2016}) 9. Nc3 Qg6
10. Ne3 O-O 11. Qc2 Re8 {LiveBook: 4 Partien} 12. b3 Nbd7 13. Bb2 {[#]} Bd4
$146 ({Vorgänger:} 13... Bf8 14. g4 Nc5 15. b4 Na6 16. a3 Nc7 {1/2-1/2 (72)
Sargissian,G (2650)-Alsina Leal,D (2530) Minsk 2017}) 14. Rd1 a5 15. Kf1 b5 16.
h4 h5 17. Ncd5 Nxd5 18. Bxd4 Nb4 19. Qb1 c5 (19... a4 $11) 20. Bc3 Nb6 21. d3 (
21. Rc1 $14) 21... Bb7 ({Besser ist} 21... exd3 $1 $15 22. exd3 (22. Bxa8 dxe2+
23. Kxe2 Bf5 $15) 22... Ra7) 22. dxe4 Bxe4 23. Bxe4 Rxe4 24. Rd6 (24. Bxb4 $11
{hält das Gleichgewicht.} axb4 25. Kg2) 24... Qxd6 $17 25. Qxe4 Qc6 (25... Qe6
$17 26. Qxe6 fxe6) 26. Qxc6 $11 Nxc6 27. Kg2 $36 {[%mdl 2048] Weiss hat Druck.}
a4 28. Rd1 {Droht stark Td6.} axb3 29. axb3 {zielt auf Td6 ab.} b4 30. Rd6 Rc8
31. Bxg7 Kxg7 32. Nf5+ Kh7 ({Günstiger ist} 32... Kf8 $1 $11 33. Rh6 Kg8 34.
Rxc6 Rxc6 35. Ne7+ Kg7 36. Nxc6 Kf6) 33. Rh6+ $14 Kg8 {[#] Und ...c4 würde nun
gewinnen.} 34. Rxc6 $1 {[%mdl 512]} Rxc6 35. Ne7+ Kf8 36. Nxc6 $16 {[%mdl 4096]
Endspiel KS-KS} Ke8 (36... c4 $16 {war einen Versuch wert.} 37. Nd4 (37. Nxb4
cxb3 38. Nd3 Nc4 $15) 37... cxb3 38. Nxb3 Nd5) 37. Na5 $18 Kd7 38. Kf3 Ke6 39.
e4 Ke5 {[#]} 40. Ke3 $1 f5 41. exf5 Kxf5 42. Nb7 Nd7 43. f3 Ke5 44. g4 (44. Na5
$18) 44... Nf6 $2 {[%mdl 8192]} (44... c4 $14) 45. gxh5 {Precision: Weiß = 56%,
Schwarz = 44%.} 1-0

[Event "Henry Chilufya Mem 2017"]
[Site "Mansa"]
[Date "2017.10.22"]
[Round "6"]
[White "Gupta, Abhijeet"]
[Black "Ssegwanyi, Arthur"]
[Result "0-1"]
[WhiteElo "2619"]
[BlackElo "2373"]
[Annotator "TA"]
[PlyCount "110"]
[EventDate "2017.??.??"]
[EventType "swiss"]
[EventCountry "ZAM"]
[SourceTitle "playchess.com"]
[Source "ChessBase"]
[SourceQuality "1"]

{[%evp 16,110,25,10,19,23,25,15,25,-18,-22,-28,-28,-25,-27,-34,5,0,0,0,0,10,0,
0,0,0,0,0,0,-4,-2,-2,-5,0,0,0,13,0,0,-12,-8,-13,-12,-98,-104,-359,-360,-354,
-353,-333,-315,-339,-238,-238,-238,-377,-371,-359,-370,-338,-291,-270,-268,
-242,-71,-397,-212,-179,0,-397,-397,-526,-397,-397,-381,-381,-381,-395,-395,
-590,-593,-622,-607,-689,-685,-762,-806,-916,-890,-907,-895,-1291,-1291,-1194,
-1249,-1334,-1117]} 1. d4 Nf6 2. Nf3 e6 3. Bf4 c5 4. e3 d5 5. Nbd2 Be7 6. c3
O-O 7. Bd3 Nc6 8. Ne5 Bd6 {D02: 1 d4 d5 2 Nf3 sidelines, including 2...Nf6 3
g3 and 2...Nf6 3 Bf4} (8... Nd7 9. Ndf3 Ndxe5 10. dxe5 f6 11. h4 h6 12. Rh3
fxe5 13. Nxe5 Nxe5 14. Bxe5 Bf6 15. f4 Bd7 16. Qh5 Qe8 {0-1 (31) Zorko,J (2465)
-Oleksienko,M (2615) Slovenia 2017}) 9. Bg3 {LiveBook: 4 Games} Ne7 10. O-O b6
$146 {White has an edge.} ({Predecessor:} 10... Nf5 11. Bxf5 exf5 12. dxc5 Bxc5
13. Nd3 Bd6 14. Bxd6 Qxd6 15. Nf3 b6 16. Qa4 {1-0 (47) Gaerths,R (2221)-Roth,J
(1923) Berlin 2013}) 11. a4 a5 12. e4 (12. Re1 {feels hotter.} Ba6 13. Bxa6
Rxa6 14. Bh4 Ra8 15. Qe2) 12... cxd4 13. cxd4 dxe4 14. Nxe4 Nxe4 15. Bxe4 Nd5
16. Qc2 h6 17. Nc6 Qd7 {Strongly threatening ...Ba6.} 18. Bxd5 exd5 19. Rfe1
Bxg3 20. Ne7+ Kh8 {Hoping for ...Bd6.} 21. hxg3 Qd6 $1 22. Qc6 $132 {[%mdl
2048] White is not keeping still} Qxc6 23. Nxc6 Be6 24. Rac1 Rfe8 25. f3 f6 26.
Kf2 Kg8 27. Re3 Kf7 28. Rb3 Ra6 $1 29. Rb5 (29. Re3 $11) 29... Rc8 $17 30. b4
$2 {[%mdl 8192]} (30. Rb3 $17) 30... Bd7 $19 31. Rxd5 Bxc6 32. Rd6 {aiming for
b5.} Bb7 ({Worse is} 32... axb4 33. Rdxc6 Rxc6 34. Rxc6 $11) 33. Re1 Rc7 ({Not
} 33... axb4 34. Rd7+ Kg6 35. Rxb7 $15) 34. b5 Ra8 35. Rxb6 (35. d5 $142) 35...
Rd8 36. Rd1 Rc2+ 37. Kg1 Rd7 38. d5 Rc4 ({Don't do} 38... Bxd5 39. Ra6 $17) 39.
d6 Rxa4 $2 {[#]} (39... Ke8 $19 40. Re1+ Kd8) 40. Rc1 $2 {[%mdl 8192]} (40.
Rxb7 $1 $17 {[%mdl 512] nothing else works.} Rxb7 41. d7) 40... Ke6 (40... Bd5
$142 {Threatens to win with ...Rb4.} 41. Rc7 Ke6) 41. Re1+ {[#]} Kf7 $2 (41...
Kd5 $1 {[%cal Rd5c5]} 42. Re7 Bc8) 42. Rc1 $1 Bd5 43. Rd1 Be6 44. Ra6 Bb3 45.
Rb1 Bc2 46. Rc1 Bd3 47. Rb6 (47. Ra8 $142) 47... Rb4 {Black is clearly winning.
} 48. Rc5 Ke6 49. f4 a4 50. Rb8 Kxd6 51. Rc3 Bxb5 52. Rc1 Rb3 53. Rb6+ Ke7 54.
Re1+ Kf7 55. Rb8 Ra7 {Precision: White = 42%, Black = 71%.} 0-1

[Event "Henry Chilufya Mem 2017"]
[Site "Mansa"]
[Date "2017.10.22"]
[Round "6"]
[White "Kiriakov, Petr"]
[Black "Greenfeld, Alon"]
[Result "0-1"]
[WhiteElo "2543"]
[BlackElo "2509"]
[Annotator "TA"]
[PlyCount "50"]
[EventDate "2017.??.??"]
[EventType "swiss"]
[EventCountry "ZAM"]
[SourceTitle "playchess.com"]
[Source "ChessBase"]
[SourceQuality "1"]

{[%evp 9,49,20,13,-34,-46,-83,-58,-84,-81,-89,-85,-69,-73,-108,-93,-83,-71,-75,
-75,-150,-164,-149,-168,-268,-273,-482,-378,-472,-487,-29997,-1127,-1115,-1087,
-1289,-1253,-2289,-1933,-29990,-912,-29991,-29992,-29999]} 1. d4 e6 2. c4 b6 3.
e4 Bb7 4. Qc2 Qh4 5. Nd2 f5 {[%cal Rf5e4]} 6. exf5 {A40: Unusual replies to 1
d4} Nc6 {[%cal Bb8c6,Bc6d4,Bd4f3][%mdl 32]} 7. Ngf3 Nxd4 8. Qd3 $146 {Black is
slightly better.} ({Predecessor:} 8. Nxd4 Qxd4 9. fxe6 O-O-O 10. Qc3 Qg4 11.
exd7+ Rxd7 12. Nf3 Nf6 {0-1 (48) Postny,E (2637)-Greenfeld,A (2538) Beersheba
2013}) 8... Nxf3+ $1 9. Nxf3 Bb4+ 10. Bd2 Bxd2+ 11. Nxd2 Nh6 12. fxe6 O-O 13.
Qg3 Qd4 14. e7 (14. O-O-O $142 Rxf2 15. Qd3 Qxd3 16. Bxd3) 14... Rae8 $17 15.
O-O-O Rxf2 16. Qxc7 {[#]} (16. Bd3 $142) 16... Bc6 $1 $19 {[%cal Rc6a4]
Threatens to win with ...Ba4.} ({Wrong is} 16... Bxg2 $2 17. Bxg2 Rxg2 18. Qd8
$18) 17. h4 $2 (17. c5 {might work better.} Qxc5+ 18. Bc4+ Nf7 19. Rhe1 Rxd2
20. Rxd2 Qxc4+ 21. Rc2) 17... Nf5 18. Rh3 Ne3 19. Qd8 {[#]} (19. Rxe3 $19 Qxe3
20. Qd6) 19... Kf7 (19... Qxd2+ $142 $1 {[%mdl 512]} 20. Rxd2 Rxf1+ 21. Rd1
Rxd1#) 20. Rxe3 Qxe3 21. Qc7 Ba4 22. b3 Bc6 {( -> ...Qc3+)} 23. Qd6 Qc3+ 24.
Kb1 {[#]} Be4+ $1 {[%mdl 512]} 25. Nxe4 Qb2# {Precision: White = 25%, Black =
73%.} 0-1

[Event "Henry Chilufya Mem 2017"]
[Site "Mansa"]
[Date "2017.10.22"]
[Round "6"]
[White "Phiri, Richmond"]
[Black "Wanyama, Harold"]
[Result "1-0"]
[WhiteElo "2290"]
[BlackElo "2290"]
[Annotator "ChessBase"]
[PlyCount "77"]
[EventDate "2017.??.??"]
[EventType "swiss"]
[EventCountry "ZAM"]
[SourceTitle "playchess.com"]
[Source "ChessBase"]
[SourceQuality "1"]
[TimeControl "40/5400+30:1800+30"]

1. d4 {[%emt 0:03:18]} Nf6 {[%emt 0:00:13]} 2. c4 {[%emt 0:00:02]} g6 {[%emt 0:
00:15]} 3. Nc3 {[%emt 0:00:04]} Bg7 {[%emt 0:00:07]} 4. Nf3 {[%emt 0:01:29]}
O-O {[%emt 0:00:25]} 5. Bf4 {[%emt 0:00:27]} c5 {[%emt 0:01:18]} 6. e3 {
[%emt 0:00:15]} Nc6 {[%emt 0:08:26]} 7. d5 {[%emt 0:19:28]} Na5 {[%emt 0:00:30]
} 8. e4 {[%emt 0:00:07]} d6 {[%emt 0:00:30]} 9. h3 {[%emt 0:16:55]} a6 {
[%emt 0:04:55]} 10. Be2 {[%emt 0:07:27]} b5 {[%emt 0:01:25]} 11. cxb5 {[%emt 0:
00:25]} axb5 {[%emt 0:00:06]} 12. Bxb5 {[%emt 0:00:46]} Qb6 {[%emt 0:00:07]}
13. a4 {[%emt 0:00:51]} Ba6 {[%emt 0:00:38]} 14. O-O {[%emt 0:00:12]} Bxb5 {
[%emt 0:00:31]} 15. axb5 Nc4 {[%emt 0:01:18]} 16. Qe2 {[%emt 0:06:06]} Na5 {
[%emt 0:11:10]} 17. Ra3 {[%emt 0:00:23]} Qb7 {[%emt 0:05:24]} 18. Nd2 {[%emt 0:
04:05]} Nh5 {[%emt 0:18:42]} 19. Be3 {[%emt 0:01:36]} Ra7 {[%emt 0:05:28]} 20.
Rfa1 {[%emt 0:02:47]} Rfa8 {[%emt 0:00:12]} 21. g4 {[%emt 0:02:50]} Nf6 {
[%emt 0:01:31]} 22. Nc4 {[%emt 0:13:19]} Nxc4 {[%emt 0:01:27]} 23. Qxc4 {
[%emt 0:00:24]} Nd7 {[%emt 0:01:17]} 24. Rxa7 {[%emt 0:01:50]} Rxa7 {[%emt 0:
00:07]} 25. Rxa7 {[%emt 0:00:10]} Qxa7 {[%emt 0:00:44]} 26. Qa4 {[%emt 0:00:32]
} Qxa4 {[%emt 0:07:01]} 27. Nxa4 {[%emt 0:00:19]} Kf8 {[%emt 0:00:16]} 28. Bd2
{[%emt 0:01:53]} Ke8 {[%emt 0:03:16]} 29. Ba5 {[%emt 0:00:26]} Bd4 {[%emt 0:06:
05]} 30. b6 {[%emt 0:02:04]} c4 {[%emt 0:10:37]} 31. b7 {[%emt 0:00:12]} Nb8 {
[%emt 0:00:11]} 32. Bc7 {[%emt 0:02:32]} Na6 {[%emt 0:00:31]} 33. Bb6 {[%emt 0:
01:37]} Bxb6 {[%emt 0:01:03]} 34. Nxb6 {[%emt 0:00:09]} Kd8 {[%emt 0:00:06]}
35. Na8 {[%emt 0:00:57]} e6 {[%emt 0:02:08]} 36. Kf1 {[%emt 0:00:19]} exd5 {
[%emt 0:00:09]} 37. exd5 {[%emt 0:00:23]} Ke7 {[%emt 0:00:21]} 38. g5 {[%emt 0:
00:37]} f6 {[%emt 0:00:42]} 39. f4 {[%emt 0:00:05]} 1-0

[Event "Henry Chilufya Mem 2017"]
[Site "Mansa"]
[Date "2017.10.22"]
[Round "6"]
[White "Chumfwa, Stanley"]
[Black "Bwalya, Gillan"]
[Result "1-0"]
[WhiteElo "2278"]
[BlackElo "2291"]
[Annotator "TA"]
[PlyCount "103"]
[EventDate "2017.??.??"]
[EventType "swiss"]
[EventCountry "ZAM"]
[SourceTitle "playchess.com"]
[Source "ChessBase"]
[SourceQuality "1"]

{[%evp 19,103,0,0,0,0,0,6,0,0,0,18,0,51,37,162,173,218,225,212,99,91,106,155,
90,99,100,140,87,81,61,67,31,52,53,41,-8,-6,-8,19,0,69,31,42,31,18,10,86,37,39,
53,125,95,93,-44,166,167,232,194,264,269,447,437,364,152,522,523,511,504,490,
508,504,503,495,484,438,434,412,416,1025,979,937,956,933,924,904,896]} 1. Nf3
d5 2. d4 c6 3. c4 Nf6 4. Nc3 a6 5. a4 e6 6. g3 Nbd7 {D15: Slav Defence: 4 Nc3
a6 and gambit lines after 4 Nc3 dxc4} (6... dxc4 7. Bg5 Bb4 8. Bg2 Nbd7 9. Nd2
Qa5 10. Bxf6 gxf6 11. O-O Nb6 12. e3 e5 13. Nde4 f5 14. Ng5 {1/2-1/2 (51)
Wojtaszek,R (2750)-Andreikin,D (2736) Wijk aan Zee 2017}) 7. Bg2 Bb4 8. Qb3 a5
9. O-O O-O 10. Bf4 b6 {LiveBook: 9 Games} 11. cxd5 exd5 12. Na2 Be7 13. Rac1
Bb7 14. Rfd1 Nh5 $146 15. Bd2 Bd6 (15... Nhf6 $11) 16. Nc3 Re8 {[#]} ({Black
should try} 16... Nhf6 $14) 17. e4 $1 $18 {[%mdl 512]} Bb4 (17... dxe4 18. Ng5)
18. exd5 cxd5 19. Bg5 (19. Nxd5 $18 {has better winning chances.} Nc5 20. dxc5
Bxd5 21. Qc2) 19... Nhf6 $16 20. Nb5 Re7 21. Bh3 (21. Nh4 $142) 21... h6 22.
Bf4 Qf8 23. Ne5 (23. Ne1 $142) 23... Nxe5 24. Bxe5 Ne4 25. Bc7 Nd2 26. Qd3 Nc4
27. Rb1 Ba6 {...Bxb5 is the strong threat.} 28. Bf4 Qe8 29. Bf1 Qc6 (29... g5
$11 30. Bc1 Nd6) 30. b3 Na3 31. Rbc1 Qe8 32. h4 Re4 (32... Nxb5 $11 {remains
equal.} 33. axb5 Bc8) 33. Bc7 Re6 34. Be5 f6 ({Better is} 34... Rc6 $14) 35.
Bc7 $36 {[%mdl 2048] White is on the roll.} Re4 36. f3 ({But not} 36. Bxb6 $6
Rb8 $11) (36. Bf4 $16) 36... Re6 $2 {[#]} (36... Re3 $15 {keeps the upper hand.
} 37. Qf5 Bc8) 37. Qf5 $1 $18 Nxb5 (37... Qf7 $142 38. Qxd5 Rae8) 38. axb5 Bb7
(38... Bc8 $142) 39. Bd3 {Hoping for Qh7+.} Kf8 $2 (39... g6 {was worth a try.}
40. Qxg6+ Qxg6 41. Bxg6 a4 42. bxa4 Rxa4) 40. Qh7 Qf7 41. Bf4 (41. Bf5 $18 {
and White stays clearly on top.}) 41... Rae8 $2 (41... Qg8 $16) 42. Bg6 Qg8 43.
Qxg8+ Kxg8 44. Bxe8 Rxe8 45. Rc7 Bc8 46. Rc6 Bf5 47. Rxb6 Bc2 48. Rc1 Re2 (
48... Bc3 $142 49. Rc6 Bxd4+ 50. Kg2 Bd3) 49. Rc6 {White is clearly winning.}
Bd3 50. b6 Ba6 {[#]} 51. Rc8+ $1 Kh7 (51... Bxc8 52. Rxc8+) 52. Ra8 {Precision:
White = 47%, Black = 26%.} 1-0

[Event "Henry Chilufya Mem 2017"]
[Site "Mansa"]
[Date "2017.10.23"]
[Round "7"]
[White "Greenfeld, Alon"]
[Black "Chumfwa, Stanley"]
[Result "1-0"]
[WhiteElo "2509"]
[BlackElo "2278"]
[Annotator "TA"]
[PlyCount "89"]
[EventDate "2017.??.??"]
[EventType "swiss"]
[EventCountry "ZAM"]
[SourceTitle "playchess.com"]
[Source "ChessBase"]
[SourceQuality "1"]

{[%evp 27,89,39,57,10,43,45,43,50,82,38,50,50,95,87,84,61,52,52,99,100,94,102,
131,89,107,68,79,20,31,26,19,4,33,29,23,-3,21,-8,97,-23,-22,-29,-20,-82,-82,
-82,-82,-81,-69,-193,258,-84,0,0,0,0,0,0,254,251,466,460,447,433]} 1. Nf3 Nf6
2. c4 g6 3. g3 Bg7 4. Bg2 O-O 5. d4 d6 6. Nc3 Nbd7 7. O-O e5 8. e4 exd4 9. Nxd4
Nc5 10. h3 Re8 11. Re1 Bd7 12. Rb1 a5 {E68: King's Indian: Fianchetto: 6...
Nbd7 7 0-0 e5 8 e4} (12... Qc8 13. g4 h5 14. f3 a6 15. Bg5 b5 16. cxb5 axb5 17.
Ndxb5 Bxb5 18. Nxb5 Rxa2 19. Nc3 Ra8 20. Be3 hxg4 21. hxg4 {0-1 (37) Gelfand,B
(2753)-Svidler,P (2751) Jerusalem 2014}) 13. b3 Qc8 14. Kh2 h5 {LiveBook: 3
Games. White is slightly better.} 15. f4 $146 ({Predecessor:} 15. Bg5 Nh7 16.
Be3 c6 17. h4 Qc7 18. Qd2 Rad8 19. Red1 Bg4 20. f3 Bc8 {1/2-1/2 (47) Klekowski,
M (2434)-Brodowski,P (2435) Poznan 2015}) 15... Qd8 16. Bb2 c6 17. Qd2 Qe7 18.
Re2 Rad8 19. Rbe1 Nh7 20. Nf3 Bc8 21. Nd1 Bxb2 22. Nxb2 Qc7 23. Nd3 Nxd3 24.
Qxd3 Qb6 25. Qc3 Qc5 26. Qa1 a4 27. e5 (27. Qb2 $16) 27... axb3 $11 28. axb3
Qb4 29. Qb2 d5 30. cxd5 Rxd5 31. Ng5 {Hoping for e6.} Rd4 32. e6 f6 {[#]} (
32... Bxe6 $11 {remains equal.} 33. Nxe6 Rxe6) 33. Nxh7 (33. Nf3 $1 $16 {
[%cal Rf3d4]} Rd3 34. Qb1 Qxb3 35. Rb2) 33... Kxh7 34. f5 gxf5 35. Re3 (35. Qb1
$1 $11 {keeps the balance.} Qb5 36. Bf3) 35... Qd6 $17 36. Qf2 Kg6 37. e7 Bd7
38. R1e2 {[#]} (38. Kg1 $15) 38... Rd3 $4 {[%mdl 8192]} (38... h4 $1 $19 {
and all is fine. aiming for ...f4.} 39. Kh1 hxg3 40. Rxg3+ Kf7) 39. h4 $2 (39.
Rxd3 $18 Qxd3 40. Rd2 Qxb3 41. Rxd7) 39... Rxe3 (39... Rd4 $17 40. Bf3 Rxh4+
41. Kg2 Rd4) 40. Qxe3 $11 b5 41. Bf3 c5 42. Re1 $36 {[%mdl 2048] White has
good play.} Bc6 $2 {[%mdl 8192]} (42... c4 $11) 43. Rd1 $18 Qc7 $2 (43... Rxe7
44. Qg5+ fxg5 45. Rxd6+ Kg7 46. Rxc6 g4) 44. Qxc5 Rxe7 45. Qxc6 {Precision:
White = 34%, Black = 39%.} 1-0

[Event "Henry Chilufya Mem 2017"]
[Site "Mansa"]
[Date "2017.10.23"]
[Round "7"]
[White "Ssegwanyi, Arthur"]
[Black "Kiriakov, Petr"]
[Result "1/2-1/2"]
[WhiteElo "2373"]
[BlackElo "2543"]
[Annotator "ChessBase"]
[PlyCount "43"]
[EventDate "2017.??.??"]
[EventType "swiss"]
[EventCountry "ZAM"]
[SourceTitle "playchess.com"]
[Source "ChessBase"]
[SourceQuality "1"]
[TimeControl "40/5400+30:1800+30"]

1. e4 {[%emt 0:00:00]} e6 {[%emt 0:00:44]} 2. d4 {[%emt 0:00:00]} d5 {[%emt 0:
00:06]} 3. Nd2 {[%emt 0:00:46]} a6 {[%emt 0:00:16]} 4. Ngf3 {[%emt 0:04:12]} c5
{[%emt 0:00:11]} 5. exd5 {[%emt 0:06:38]} exd5 {[%emt 0:00:57]} 6. dxc5 {
[%emt 0:00:21]} Bxc5 {[%emt 0:00:08]} 7. Bd3 {[%emt 0:00:04]} Nf6 {[%emt 0:00:
29]} 8. O-O {[%emt 0:00:32]} O-O {[%emt 0:00:16]} 9. Nb3 {[%emt 0:01:29]} Bb6 {
[%emt 0:01:05]} 10. h3 {[%emt 0:02:46]} Nc6 {[%emt 0:01:58]} 11. c3 {[%emt 0:
00:08]} Re8 {[%emt 0:14:57]} 12. Nbd4 {[%emt 0:02:02]} Qd6 {[%emt 0:10:39]} 13.
Be3 {[%emt 0:02:17]} Bc7 {[%emt 0:00:31]} 14. Re1 {[%emt 0:10:29]} Ne4 {
[%emt 0:04:17]} 15. c4 {[%emt 0:09:21]} Nb4 {[%emt 0:06:50]} 16. Bf1 {[%emt 0:
08:36]} dxc4 {[%emt 0:06:15]} 17. Bxc4 {[%emt 0:00:27]} b5 {[%emt 0:09:28]} 18.
Bb3 {[%emt 0:02:26]} Bb7 19. a3 Nd5 20. Nf5 Qd7 21. N3d4 Nxe3 22. Rxe3 1/2-1/2

[Event "Henry Chilufya Mem 2017"]
[Site "Mansa"]
[Date "2017.10.23"]
[Round "7"]
[White "Mwali, Chitumbo"]
[Black "Gupta, Abhijeet"]
[Result "1/2-1/2"]
[WhiteElo "2334"]
[BlackElo "2619"]
[Annotator "TA"]
[PlyCount "58"]
[EventDate "2017.??.??"]
[EventType "swiss"]
[EventCountry "ZAM"]
[SourceTitle "playchess.com"]
[Source "ChessBase"]
[SourceQuality "1"]

{[%evp 14,58,19,13,21,6,19,17,26,7,2,0,34,0,0,-17,26,-12,69,76,72,78,85,93,89,
87,86,92,100,110,122,107,137,140,137,137,137,137,135,134,147,162,162,149,181,
181,195]} 1. c4 e5 2. g3 Nc6 3. Bg2 Bc5 4. Nc3 d6 5. a3 (5. e3 a6 6. Nge2 Ba7
7. b3 Nge7 8. Bb2 h5 9. h4 Bg4 10. d3 Qd7 11. Qd2 Rb8 12. Rc1 O-O 13. Ne4 {
1-0 (51) Topalov,V (2749)-Grischuk,A (2761) Paris 2017}) 5... a6 6. e3 {
A25: English Opening vs King's Indian with ...Nc6 but without early d3} Ba7 7.
Nge2 h5 8. h4 {LiveBook: 4 Games. The position is equal.} Bg4 9. d3 Nge7 10. b4
Qd7 11. Qd2 $146 ({Predecessor:} 11. Bb2 Rb8 12. Rc1 {1-0 (32) Movsziszian,K 
(2485)-Karim,I (2361) Sitges 2017}) 11... O-O 12. Bb2 Rab8 13. O-O Bh3 14. Nd5
Ng6 15. e4 Qg4 ({Better is} 15... f6 $11) 16. Bxh3 $14 Qxh3 {[#]} 17. Qg5 $1
Nd4 18. Bxd4 Bxd4 19. Nxd4 exd4 20. Qxh5 c6 21. Qf5 Qxf5 22. exf5 cxd5 23. fxg6
{White is clearly better.} dxc4 24. dxc4 $16 {[%cal Bd3c4,Bc4c5][%mdl 4128]
Endgame KRR-KRR} Rbc8 {[#]} 25. Rac1 $1 fxg6 26. Rfd1 Rc6 27. Rxd4 b5 28. c5
Rfc8 {[%cal Rd6c5]} 29. Rd5 a5 {Precision: White = 53%, Black = 43%.} 1/2-1/2

[Event "Henry Chilufya Mem 2017"]
[Site "Mansa"]
[Date "2017.10.23"]
[Round "7"]
[White "Bwalya, Gillan"]
[Black "Phiri, Richmond"]
[Result "1/2-1/2"]
[WhiteElo "2291"]
[BlackElo "2290"]
[Annotator "TA"]
[PlyCount "51"]
[EventDate "2017.??.??"]
[EventType "swiss"]
[EventCountry "ZAM"]
[SourceTitle "playchess.com"]
[Source "ChessBase"]
[SourceQuality "1"]

{[%evp 27,51,33,37,19,37,29,37,39,33,28,36,25,21,20,35,0,27,0,35,0,19,0,29,0,
22,0]} 1. e4 c5 2. Nf3 g6 3. c4 Bg7 4. d4 cxd4 5. Nxd4 Nf6 6. Nc3 Nc6 7. Be2
O-O 8. Be3 d6 9. O-O Bd7 10. h3 Nxd4 11. Bxd4 Bc6 12. Qd3 a5 {B38:
Sizilianisch (Maroczy-Aufbau)} 13. Rad1 Nd7 (13... a4 14. Qe3 Nd7 15. Bxg7 Kxg7
16. Qd4+ Nf6 17. e5 dxe5 18. Qxe5 Qb6 {1-0 (44) Grachev,B (2650)-Tsydypov,Z 
(2468) Moscow 2017}) 14. Bxg7 Kxg7 {LiveBook: 4 Partien. Weiß steht etwas
besser.} 15. Nd5 Bxd5 16. exd5 Qb6 17. Qc3+ Kg8 $146 ({Vorgänger:} 17... Nf6
18. h4 h5 19. Rd3 Rfc8 20. Rfd1 {0-1 (40) Molina,F (2269)-Mogranzini,R (2461)
Ortisei 2012}) 18. Rfe1 Rfe8 19. Rd2 Qb4 20. Qd4 Qc5 21. Qc3 Qb4 22. Qd4 Qc5
23. Qc3 Qb4 24. Qd4 Qc5 25. Qc3 Qb4 26. Qd4 {Precision: Weiß = 24%, Schwarz =
80%.} 1/2-1/2

[Event "Henry Chilufya Mem 2017"]
[Site "Mansa"]
[Date "2017.10.23"]
[Round "7"]
[White "Wanyama, Harold"]
[Black "Adly, Ahmed"]
[Result "0-1"]
[WhiteElo "2290"]
[BlackElo "2625"]
[Annotator "TA"]
[PlyCount "101"]
[EventDate "2017.??.??"]
[EventType "swiss"]
[EventCountry "ZAM"]
[SourceTitle "playchess.com"]
[Source "ChessBase"]
[SourceQuality "1"]

{[%evp 12,101,31,39,52,55,76,45,64,60,66,65,75,53,75,38,103,92,114,120,145,110,
125,104,104,106,88,42,41,43,46,12,18,-31,-25,-25,-24,-78,-81,-84,-83,-81,-81,
-92,-89,-89,-73,-185,-175,-195,-166,-214,-207,-201,-204,-276,-279,-284,-199,
-195,-193,-252,-156,-240,-232,-268,-277,-401,-335,-815,-823,-742,-725,-654,
-703,-718,-680,-709,-683,-666,-659,-1500,-1451,-1407,-1402,-12841,-12841,
-29995,-29996,-29996,-29997,-29997]} 1. e4 c5 2. Nf3 d6 3. d4 cxd4 4. Nxd4 Nf6
5. Nc3 Nc6 6. Be2 Bd7 7. Be3 {LiveBook: 18 Games} Rc8 {B58: Classical Sicilian:
6 Be2} (7... e6 8. g4 h6 9. f4 Nxd4 10. Qxd4 e5 11. fxe5 Nxg4 12. O-O-O Nxe3
13. Qxe3 Qg5 14. Qxg5 hxg5 15. exd6 O-O-O {1/2-1/2 (32) So,W (2812)-Carlsen,M 
(2832) Leuven 2017}) 8. O-O Ne5 $146 ({Predecessor:} 8... a6 9. Qd2 b5 10. a3
Na5 11. f3 e6 12. g4 h6 13. Rad1 Be7 14. Qe1 Qc7 {1-0 (38) Briem,S (2185)
-Kjartansson,D (2279) Reykjavik 2004}) 9. f3 (9. Nb3 {is more complex.} g6 10.
f4 Nc6 11. h3 Bg7 12. Qe1) 9... Nc4 {White is slightly better.} 10. Bxc4 Rxc4
11. Qe2 Rc8 12. Rad1 g6 13. Qf2 a6 (13... Bg7 $14) 14. Nb3 $16 Rc6 15. Nd5 Bg7
16. Bb6 Qc8 17. Nb4 Rc4 18. c3 Qb8 19. Nd5 Nxd5 20. exd5 O-O 21. Qe2 Bb5 22.
Qxe7 Re8 23. Qg5 Ra4 24. Rfe1 (24. Rf2 $11) 24... Rxa2 $17 25. Qd2 {[#]} Ba4 $1
{[%cal Ra4b3,Bb5a4,Ba4d1,Bd1b3,Bb3c4][%mdl 32]} 26. Nc1 Bxd1 27. Nxa2 Bb3 $36 {
[%mdl 2048] Black is really pushing.} 28. Nb4 {[#]} Bh6 $1 {[%mdl 512]} 29.
Qxh6 (29. Qf2 $17) 29... Rxe1+ $19 30. Kf2 Rd1 ({Don't play} 30... Qe8 31. Bd4
$17) 31. Bd4 {[%csl Gd4][%cal Rh6g7]} Qf8 32. Qe3 Bc4 33. b3 Bxb3 {Threatens
to win with ...a5.} 34. Nd3 Ba4 35. Nb2 Ra1 36. c4 (36. Kg3 $142) 36... Bd7 {
Hoping for ...Qe8.} 37. Bc3 (37. Qg5 $17 {was worth a try.} f5 38. Nd3) 37...
f6 {[%cal Bf7f6,Bf6f5][%mdl 32]} 38. g4 Kf7 39. Qb6 (39. Kg3 $142) 39... Qe7 {
...Rc1 is the strong threat.} 40. Qxb7 $2 (40. Nd3 Rh1 41. Qd4) 40... Rc1 41.
Qb3 f5 42. Nd3 {[#]} Ba4 $1 {[%mdl 512]} 43. Qb4 (43. Qxa4 Rxc3) 43... Rc2+ 44.
Kg3 h5 45. h4 g5 {[%cal Bg6g5,Bg5h4][%mdl 32]} 46. gxf5 gxh4+ 47. Kf4 Bd7 {
Strongly threatening ...Re2.} 48. f6 Qe2 {( -> ...Qh2+)} 49. Qb7 Qh2+ 50. Ke3
Re2+ 51. Kd4 {Precision: White = 31%, Black = 79%.} 0-1